日本の動物園にいるレッサーパンダの名前 - Statistics

General Stats
  • This quiz has been taken 22 times
    17 since last reset
  • The average score is 24 of 245
Answer Stats
Hint Answer % Correct
千葉市動物公園 風太
53%
旭山動物園 菫菫
33%
千葉市動物公園 ゆう
33%
旭山動物園 桜桜
33%
旭山動物園 茜茜
27%
姫路セントラルパーク | 群馬サファリパーク ケンタ
27%
西山動物園 かんた
27%
ネオパークオキナワ さくら
27%
釧路市動物園 シンゲン
20%
東北サファリパーク 日历
20%
那須どうぶつ王国 ダイズ
20%
那須どうぶつ王国 大福
20%
ズーラシア まめたろう
20%
野毛山動物園 イチゴ
20%
上野動物園 | 東武動物公園 カリン
20%
多摩動物公園 アズキ
20%
羽村市動物公園 梨梨
20%
埼玉県こども自然動物公園 リン
20%
東山動植物園
20%
いしかわ動物園 サン
20%
西山動物園 かいと
20%
王子動物園 ジャズ
20%
神戸どうぶつ王国 陽那
20%
姫路セントラルパーク 大事
20%
池田動物園 きなこ
20%
とくしま動物園 あんこ
20%
のいち動物公園 ユズ
20%
大牟田市動物園 レン
20%
大牟田市動物園 レイ
20%
九十九島動植物園森きらら
20%
平川動物公園 メロディ
20%
旭山動物園 蓮蓮
20%
釧路市動物園 コーアイ
13%
円山動物園 ココ
13%
円山動物園 エイタ
13%
円山動物園 小百合
13%
大森山動物園 円実
13%
八木山動物公園 クルミ
13%
八木山動物公園 陽陽
13%
東北サファリパーク 来来
13%
東北サファリパーク 蘭花
13%
かみね動物園 ココア
13%
桐生が岡動物園 桃桃
13%
桐生が岡動物園 フラン
13%
桐生が岡動物園 かずのこ
13%
那須ワールドモンキーパーク 詩人
13%
那須どうぶつ王国 ジジ
13%
那須どうぶつ王国 グミ
13%
ひらかたパーク | 市川市動植物園 | 羽村市動物公園 ソラ
13%
市川市動植物園 優花
13%
市原ぞうの国 一郎
13%
八景島シーパラダイス コキン
13%
八景島シーパラダイス ネイ
13%
八景島シーパラダイス 緒海
13%
八景島シーパラダイス 來海
13%
ズーラシア | 多摩動物公園 ララ
13%
ズーラシア キク
13%
ズーラシア ヒナギク
13%
夢見ヶ崎動物公園 アン
13%
大島公園動物園 ピースケ
13%
江戸川区自然動物園 サクユリ
13%
多摩動物公園 ルンルン
13%
羽村市動物公園 アル
13%
埼玉県こども自然動物公園 ハナビ
13%
東武動物公園 源太
13%
伊豆シャボテン動物公園 コナツ
13%
楽寿園 カカ
13%
日本平動物園 ニコ
13%
日本平動物園
13%
熱川バナナワニ園 こだま
13%
のんほいパーク 縞縞
13%
茶臼山動物園 ミルク
13%
西山動物園 キラリ
13%
西山動物園 ライト
13%
西山動物園 モッチー
13%
西山動物園 たいよう
13%
西山動物園 まつば
13%
西山動物園 かのこ
13%
西山動物園 ミンファ
13%
西山動物園 令花
13%
西山動物園 ニーコ
13%
福知山市動物園 しらたま
13%
天王寺動物園 咲弥
13%
アドベンチャーワールド
13%
アドベンチャーワールド 雲雲
13%
王子動物園 ガイア
13%
王子動物園 野花
13%
神戸どうぶつ王国 レモン
13%
姫路セントラルパーク 佳佳
13%
姫路セントラルパーク テマリ
13%
安佐動物公園 キラ
13%
安佐動物公園 マル
13%
徳山動物園 福福
13%
徳山動物園 ルール―
13%
秋吉台サファリランド 雷雷
13%
とべ動物園 山鳩
13%
のいち動物公園 カイ
13%
のいち動物公園 みたらし
13%
福岡市動植物園 ノゾム
13%
到津の森公園 凌凌
13%
到津の森公園 笑笑
13%
長崎バイオパーク ププ
13%
熊本市動植物園 杏花
13%
熊本市動植物園 かぼす
13%
熊本市動植物園 杏香
13%
宮崎市フェニックス自然動物園 カフェ
13%
平川動物公園 スバル
13%
ネオパークオキナワ チャル
13%
旭山動物園 渝渝
13%
釧路市動物園 アスナロ
7%
円山動物園 セイタ
7%
円山動物園 プーアル
7%
大森山動物園 ケンシン
7%
大森山動物園 ひなた
7%
八木山動物公園
7%
八木山動物公園 ナツメ
7%
八木山動物公園 アケビ
7%
東北サファリパーク 木蓮
7%
東北サファリパーク リュウ
7%
那須どうぶつ王国 栄栄
7%
千葉市動物公園 メイメイ
7%
千葉市動物公園 メイタ
7%
市川市動植物園 梨花
7%
市川市動植物園 ムギ
7%
夢見ヶ崎動物公園 ファファ
7%
夢見ヶ崎動物公園 ケイコ
7%
大島公園動物園 コジロウ
7%
大島公園動物園 ツツジ
7%
上野動物園 ルカ
7%
多摩動物公園 フランケン
7%
多摩動物公園 桃花
7%
多摩動物公園 ひまわり
7%
多摩動物公園 藤丸
7%
多摩動物公園 蘭丸
7%
多摩動物公園 カソン
7%
埼玉県こども自然動物公園 ココロ
7%
伊豆シャボテン動物公園 よもぎ
7%
伊豆シャボテン動物公園 梅香
7%
日本平動物園 タク
7%
日本平動物園 まるお
7%
日本平動物園 えみ
7%
日本平動物園 守守
7%
富士サファリパーク | 徳山動物園 ルナ
7%
浜松市動物園 チイタ
7%
浜松市動物園 キララ
7%
のんほいパーク 李花
7%
東山動植物園 ずん
7%
東山動植物園 まるこ
7%
東山動植物園 れいか
7%
茶臼山動物園 アジサイ
7%
茶臼山動物園 ノン
7%
茶臼山動物園 モモ
7%
茶臼山動物園 ヒビキ
7%
茶臼山動物園 キナコ
7%
富山市ファミリーパーク | 茶臼山動物園 アンコ
7%
茶臼山動物園 キントキ
7%
富山市ファミリーパーク ロッポ
7%
西山動物園 ティアラ
7%
西山動物園 かえで
7%
福知山市動物園
7%
福知山市動物園 令明
7%
京都市動物園 ウーロン
7%
京都市動物園 糸糸
7%
天王寺動物園 シュウナ
7%
天王寺動物園 メル
7%
天王寺動物園 ツバキ
7%
ひらかたパーク 与作
7%
ひらかたパーク 栄作
7%
アドベンチャーワールド
7%
アドベンチャーワールド マルル
7%
アドベンチャーワールド
7%
神戸どうぶつ王国 須々
7%
姫路市立動物園 ミホ
7%
安佐動物公園 友友
7%
秋吉台サファリランド 風香
7%
秋吉台サファリランド 野乃香
7%
秋吉台サファリランド 優香
7%
秋吉台サファリランド 耀
7%
とべ動物園 砥々丸
7%
福岡市動植物園 ハルマキ
7%
到津の森公園 アシタバ
7%
九十九島動植物園森きらら ミカン
7%
九十九島動植物園森きらら 梅花
7%
長崎バイオパーク 喜喜
7%
宮崎市フェニックス自然動物園 リコ
7%
釧路市動物園 リム
0%
釧路市動物園 レラ
0%
八木山動物公園 スモモ
0%
東北サファリパーク 石榴
0%
東北サファリパーク 菊花
0%
かみね動物園 ゆい
0%
かみね動物園 ヤマト
0%
桐生が岡動物園 ライム
0%
那須どうぶつ王国 与一
0%
千葉市動物公園 みい
0%
千葉市動物公園 タイヨウ
0%
市川市動植物園 ライチ
0%
市川市動植物園 イチ丸
0%
市川市動植物園 明登
0%
市川市動植物園 テル
0%
大島公園動物園 琥太郎
0%
大島公園動物園 アイリ
0%
大島公園動物園 ギンガ
0%
楽寿園 ルル
0%
徳山動物園 | 日本平動物園 スミレ
0%
日本平動物園 ホーマー
0%
熱川バナナワニ園 シナモン
0%
熱川バナナワニ園 ナッツ
0%
熱川バナナワニ園 ペリー
0%
熱川バナナワニ園 くう
0%
熱川バナナワニ園 みつば
0%
熱川バナナワニ園 よつば
0%
熱川バナナワニ園 かがやき
0%
熱川バナナワニ園 あさひ
0%
熱川バナナワニ園 あかつき
0%
富士サファリパーク 風菜
0%
富士サファリパーク コタ
0%
浜松市動物園 アラタ
0%
茶臼山動物園 タイチ
0%
茶臼山動物園 風鈴
0%
茶臼山動物園 サラ
0%
茶臼山動物園 アンズ
0%
茶臼山動物園 ホーリー
0%
いしかわ動物園 アヤメ
0%
いしかわ動物園 マリン
0%
いしかわ動物園 ヒナタ
0%
池田動物園 しずく
0%
安佐動物公園 トロリ
0%
徳山動物園 風花
0%
秋吉台サファリランド 航航
0%
秋吉台サファリランド 優希
0%
秋吉台サファリランド
0%
とべ動物園 コウメ
0%
福岡市動植物園 マリモ
0%
大牟田市動物園 まい
0%
到津の森公園 野風
0%
長崎バイオパーク ダイチ
0%
No matching quizzes found
Score Distribution
Percent of People with Each Score
Percentile by Number Answered
Your Score History
You have not taken this quiz since the last reset